Análisis del sistema actual de manejo y de almacenamiento de información tarifaria de la Oficina de Relaciones con Corresponsales de Radiografica Costarricense S.A y propuesta para su automatización
Gespeichert in:
| 1. Verfasser: | |
|---|---|
| Format: | Buch |
| Veröffentlicht: |
San José, Costa Rica
1988
|
| Schlagworte: | |
| Tags: |
Tag hinzufügen
Keine Tags, Fügen Sie den ersten Tag hinzu!
|
MARC
| LEADER | 00000nam a2200000Ia 4500 | ||
|---|---|---|---|
| 003 | 007276 | ||
| 005 | 20221231144309.0 | ||
| 008 | 140114s1988 cr a m 000 ||s d | ||
| 040 | |c cru CEDI | ||
| 090 | |a TFG 3010 | ||
| 100 | |a Rosales Martínez, Bernardo |9 11696 | ||
| 245 | |a Análisis del sistema actual de manejo y de almacenamiento de información tarifaria de la Oficina de Relaciones con Corresponsales de Radiografica Costarricense S.A y propuesta para su automatización | ||
| 260 | |c 1988 |a San José, Costa Rica | ||
| 300 | |a 226, [17] hojas | ||
| 500 | |a Proyecto de graduacion (licenciatura en ingeniería industrial)--Universidad de Costa Rica. Facultad de Ingeniería. Escuela de Ingeniería Industrial | ||
| 650 | |x RADIOGRAFICA COSTARRICENSE S.A. OFICINA DE RELACIONES CORRESPONSALES - AUTOMATIZACION |9 11697 | ||
| 942 | |c TFG | ||
| 999 | |c 19762 |d 19762 | ||
